| Tag |
First Indicator |
Second Indicator |
Subfields |
| LEADER |
00000cam a2200000 a 4500 |
| 001 |
in00000917321 |
| 005 |
20150924130652.0 |
| 008 |
880622c19891988nyua j 00011 eng |
| 010 |
|
|
|a 88020359
|
| 020 |
|
|
|a 0517571137 :
|c $10.95
|
| 035 |
|
|
|a (OCoLC)18191715
|
| 035 |
|
|
|9 AEP1348AM
|
| 040 |
|
|
|a DLC
|c DLC
|d TXA
|d UtOrBLW
|
| 049 |
|
|
|a [Curr Col] TXAM
|c [A13104991]
|
| 050 |
0 |
0 |
|a PZ7.K5893
|b Mar 1989
|
| 082 |
0 |
|
|a [Fic]
|2 19
|
| 100 |
1 |
|
|a King-Smith, Dick.
|
| 245 |
1 |
0 |
|a Martin's mice /
|c Dick King-Smith ; illustrations by Jez Alborough.
|
| 264 |
|
1 |
|a New York :
|b Crown Publishers,
|c 1989
|
| 264 |
|
4 |
|c ©1988
|
| 300 |
|
|
|a v, 122 pages :
|b illustrations ;
|c 21 cm.
|
| 336 |
|
|
|a text
|b txt
|2 rdacontent
|
| 337 |
|
|
|a unmediated
|b n
|2 rdamedia
|
| 338 |
|
|
|a volume
|b nc
|2 rdacarrier
|
| 520 |
|
|
|a A farm cat who doesn't want to catch mice keeps a family of them as pets in the barn; but then he is given away to a townswoman and acquires a new perspective.
|
| 650 |
|
1 |
|a Cats
|x Fiction.
|
| 650 |
|
1 |
|a Mice
|x Fiction.
|
| 700 |
1 |
|
|a Alborough, Jez.
|
| 999 |
|
|
|a MARS
|
| 999 |
f |
f |
|s 7c660ee7-f8fa-3217-9d3f-65b1540612d8
|i c23f1282-e9f2-3197-b606-995c573ec55b
|t 0
|
| 952 |
f |
f |
|p ric
|a Texas A&M University
|b Rellis Campus
|c Joint Library Facility
|d Remote Storage
|t 0
|e PZ7.K5893 Mar 1989
|h Library of Congress classification
|i unmediated -- volume
|m A14813104991
|
| 998 |
f |
f |
|a PZ7.K5893 Mar 1989
|t 0
|l Remote Storage
|